00476nam a2200133Ia 4500008004100000100002400041245011300065245002400178260003900202260000900241650001800250650001500268856005900283170221s9999 xx 000 0 und d aPerloff, Richard M. 3aAn Integrative Terror Management Theory Perspective on Media Effects: A Model and 12 Hypotheses for Research cRichard M. Perloff. bStudies in Media and Communication c2014 xCommunication xMedia Arts uhttp://redfame.com/journal/index.php/smc/issue/view/60